| 000 | 00803nac a22002171u 4500 | ||
|---|---|---|---|
| 008 | 090428t xxu||||| |||| 00| 0 eng d | ||
| 020 | _a9780131599659 | ||
| 020 | _a0131599658 | ||
| 082 |
_a628.1 _bHAM |
||
| 100 |
_aHammer, Mark J. _94416 |
||
| 245 |
_aWater and Wastewater Technology / _cMark J. Hammer, Mark J. Hammer, Jr. |
||
| 250 |
_a6th ed. _bPearson International Edition. |
||
| 260 |
_aUpper Saddle River, N.J. : _bPrentice Hall/Pearson Education International, _cc2008. |
||
| 300 |
_aix, 553 p. : _bmaps, ill. ; _c26 cm. |
||
| 500 | _aPrevious ed.: 2001. | ||
| 504 | _aIncludes bibliographical references and index. | ||
| 650 |
_aWater-supply engineering. _94417 |
||
| 650 |
_94418 _aSewage disposal |
||
| 700 | 1 |
_aHammer, Mark J., _d1957- _94419 |
|
| 942 |
_cBB _k628.1HAM _2ddc |
||
| 999 |
_c11452 _d11452 |
||